| 000 | 00567nam a22001697a 4500 | ||
|---|---|---|---|
| 003 | NUST | ||
| 038 | _aNusrat Nadeem | ||
| 082 | _a200 | ||
| 100 |
_aSaleem, Sahar _9125526 |
||
| 245 |
_aMicroalgal Treatment of Leachate and Wastewater and Methane Production of the Harvested Biomass/ _cSahar Saleem, |
||
| 264 |
_aIslamabad; _bIESE (SCEE); _c2024. |
||
| 300 |
_a243,p; _bill; _c30,cm. |
||
| 690 |
_aPhD- Environmental Sciences _9123809 |
||
| 700 |
_aSupervisor:Dr.Zeshan _9125527 |
||
| 856 | _u http://10.250.8.41:8080/xmlui/handle/123456789/44882 | ||
| 942 |
_2ddc _cSC |
||
| 999 |
_c611265 _d611265 |
||